00837camaa22002537a 450000100060000000300070000600500170001300800410003003500210007104000220009204100130011410000330012724501140016025000110027426000400028530000110032549000190033650000600035565000230041565000110043865000420044970000420049170000500053320854SpMaBN20260701170006.0900725s1966 sp 1 dspa|| a(OCoLC)431989853 aSpMaBNdAR-RoBPED aspahfre1 aClot, René Jeand1913-199713aLa educación artística / cRené-Jean Clot ; prólogo de Jean Wahl ; traducción de M. B. de Brachfeld a3a ed. aBarcelona : bLuis Miracle, c1966. a124 p.0 aPaideia ; v24 aTítulo original en francés: L'education artistique. 4aEDUCACION PLASTICA 4aDIBUJO 4aENSEÑANZA DE LA EDUCACION ARTISTICA1 aWahl, Jean André d1888-1974eprol.1 aBrachfeld, María Bages ded1908-1967etrad.